Normal view
MARC view
Entry Topical Term
001 - CONTROL NUMBER
- control field: 28872
003 - CONTROL NUMBER IDENTIFIER
- control field: OSt
005 - DATE AND TIME OF LATEST TRANSACTION
- control field: 20211217143033.0
008 - FIXED-LENGTH DATA ELEMENTS
- fixed length control field: 211217|| aca||aabn | a|a d
040 ## - CATALOGING SOURCE
- Original cataloging agency: OSt
- Transcribing agency: OSt
150 ## - HEADING--TOPICAL TERM
- Topical term or geographic name entry element: Sense of belonging, DACA, Latino/a, Immigration policy, United States
670 ## - SOURCE DATA FOUND
- Source citation: Work cat.: (OSt): Mallet-García, Marie L. García-Bedolla, Lisa 28871, Immigration policy and belonging: Ramifications for DACA recipients’ sense of belonging
